いらすとやの空想上の生物 - Statistics

General Stats
  • This quiz has been taken 299 times
  • The average score is 6 of 16
Answer Stats
Picture Answer % Correct
ケルベロス
88%
アマビエ
74%
クラーケン
64%
マンドラゴラ
56%
グリフォン
51%
ベルゼブブ
40%
レヴィアタン
32%
ハーピー
31%
クトゥルフ
30%
デュラハン
28%
スレイプニル
24%
バックベアード
21%
チュパカブラ
17%
ラミア
13%
ベヒモス
8%
パーントゥ
5%
No matching quizzes found
Score Distribution
Percent of People with Each Score
Percentile by Number Answered
Your Score History
You have not taken this quiz